Memorandum To Parliament Submitted By Ken Ofori -Atta ( Minister For Finance) on Loan Agreement Between The Republic Of Ghana And Kreditanstalt Fur Wiederaufbau (KFW) Frasnkfurt Am main For Introduction Of Green Credit Line In Ghana Under The Reform and investment Partnership Between Ghana And Germany 2022 (Record no. 2906)

MARC details
000 -LEADER
fixed length control field 00909nam a2200145Ia 4500
008 - FIXED-LENGTH DATA ELEMENTS--GENERAL INFORMATION
fixed length control field 240429s9999||||xx |||||||||||||| ||und||
041 ## - LANGUAGE CODE
Language code of text/sound track or separate title eng
082 ## - DEWEY DECIMAL CLASSIFICATION NUMBER
Classification number PM/KFW/22
100 ## - MAIN ENTRY--PERSONAL NAME
Personal name Parliament of Ghana
245 #0 - TITLE STATEMENT
Title Memorandum To Parliament Submitted By Ken Ofori -Atta ( Minister For Finance) on Loan Agreement Between The Republic Of Ghana And Kreditanstalt Fur Wiederaufbau (KFW) Frasnkfurt Am main For Introduction Of Green Credit Line In Ghana Under The Reform and investment Partnership Between Ghana And Germany 2022
300 ## - PHYSICAL DESCRIPTION
Extent 45p:tabs
650 ## - SUBJECT ADDED ENTRY--TOPICAL TERM
Topical term or geographic name entry element Memorandum To Parliament Submitted By Ken Ofori -Atta ( Minister For Finance) on Loan - Agreement Between The Republic Of Ghana And Kreditanstalt Fur Wiederaufbau (KFW) Frasnkfurt - Am main For Introduction Of Green Credit Line In Ghana Under The Reform and investment Partnership B - Between Ghana And Germany 2022
942 ## - ADDED ENTRY ELEMENTS (KOHA)
Koha item type Annual Report
Holdings
Withdrawn status Lost status Damaged status Not for loan Home library Current library Shelving location Date acquired Total checkouts Full call number Date last seen Copy number Price effective from Koha item type
        Main Library Main Library Reference 30/03/2023   PM/KFW/22 5493 29/04/2024 1 29/04/2024 Annual Report
©2026  Parliament of Ghana Library - All rights reserved